书目信息 |
| 题名: |
青藏苍茫
|
|
| 作者: | 马丽华 著 | |
| 分册: | ||
| 出版信息: | 北京 生活·读书·新知三联书店 1999.9 |
|
| 页数: | 452页 | |
| 开本: | 32开 | |
| 丛书名: | ||
| 单 册: | ||
| 中图分类: | N827 | |
| 科图分类: | ||
| 主题词: | 自然科学--调查 , 自然科学--考察 | |
| 电子资源: | ||
| ISBN: | 7-108-01345-2 | |
| 000 | 00707nam0 2200217 45 | |
| 001 | 0103201401 | |
| 005 | 20031219104049.0 | |
| 010 | @a7-108-01345-2@dCNY28.00 | |
| 100 | @a20010320d1999 km y0chiy0120 ea | |
| 101 | 0 | @achi |
| 105 | @a z 000yy | |
| 200 | 1 | @a青藏苍茫@AQing Cang Cang Mang@e青藏高原科学考察50年@EQing Cang Gao Yuan Ke Xue Kao Cha 50 Nian@f马丽华著@FMa Li Hua Zhu |
| 210 | @a北京@c生活·读书·新知三联书店@d1999.9 | |
| 215 | @a452页@d32开 | |
| 517 | @a青藏高原科学考察50年@AQing Cang Gao Yuan Ke Xue Kao Cha 50 Nian | |
| 606 | 0 | @a自然科学@x调查 |
| 606 | 0 | @a自然科学@x考察 |
| 690 | @aN827@v1 | |
| 701 | 0 | @a马丽华@4著 |
| 801 | @aCN@bTSTC@c20010320 | |
| 905 | @b295709-711@dN827@e2@f3 | |
| 青藏苍茫:青藏高原科学考察50年/马丽华著.-北京:生活·读书·新知三联书店,1999.9 |
| 452页;32开 |
| ISBN 7-108-01345-2:CNY28.00 |
| ● |
| 相关链接 |
|
|
|
|
正题名:青藏苍茫
索取号:N827/2
 
预约/预借
| 序号 | 登录号 | 条形码 | 馆藏地/架位号 | 状态 | 备注 |
| 1 | 0295709 | 002957090 | 第三借阅区/ [索取号:N827/2] | 在馆 | |
| 2 | 0295710 | 002957107 | 第三借阅区/ [索取号:N827/2] | 在馆 | |
| 3 | 0295711 | 002957116 | 第二样本阅览室/ [索取号:N827/2] | 在馆 |